[Event "Miedzynarodowe Szachowe Lato w Poznaniu "]
[Site "Wyzsza Szkola Umiejetnosci Spo"]
[Date "2012.??.??"]
[Round "6.1"]
[White "Choroszej, Aleksander"]
[Black "Malaniuk, Vladimir"]
[Result "0-1"]
[WhiteElo "2085"]
[BlackElo "2508"]
[PlyCount "88"]
[EventDate "2012.??.??"]

1. d4 f5 2. g4 fxg4 3. h3 d5 4. hxg4 Bxg4 5. Qd3 Nf6 6. f3 Bh5 7. Nh3 Nc6 8.
Nf4 Bf7 9. Bh3 Qd6 10. Qe3 e5 11. c3 Qe7 12. dxe5 Qxe5 13. Ne6 Bxe6 14. Bxe6
Bd6 15. Qxe5 Nxe5 16. Bg5 c6 17. Nd2 Ke7 18. Bf5 Nf7 19. Bh4 Bf4 20. O-O-O Nd6
21. Bd3 Kf7 22. Kc2 g6 23. Rde1 Rae8 24. Bf2 Be3 25. Bg3 Re6 26. Nf1 Bb6 27.
Bf4 Nh5 28. Bd2 Kg7 29. Rh2 Rf8 30. b3 Kg8 31. c4 Nf4 32. Bxf4 Rxf4 33. Nd2 Nf5
34. Reh1 h5 35. Bxf5 Rxf5 36. e4 dxe4 37. fxe4 Rf4 38. Rg2 Kf7 39. Re2 Ba5 40.
Rhe1 g5 41. a3 Bxd2 42. Kxd2 h4 43. Rg1 Kg6 44. e5 g4 0-1

[Event "Miedzynarodowe Szachowe Lato w Poznaniu "]
[Site "Wyzsza Szkola Umiejetnosci Spo"]
[Date "2012.??.??"]
[Round "6.2"]
[White "Hemmerling, Jaroslaw"]
[Black "Plichta, Kamil"]
[Result "0-1"]
[WhiteElo "1964"]
[BlackElo "2189"]
[PlyCount "52"]
[EventDate "2012.??.??"]

1. e4 c5 2. Nf3 g6 3. d4 cxd4 4. Qxd4 Nf6 5. Nc3 Nc6 6. Qa4 Bg7 7. e5 Ng8 8.
Bf4 f6 9. e6 dxe6 10. Rd1 Bd7 11. Bb5 e5 12. Ne4 Qc8 13. Nc5 a6 14. Nxd7 axb5
15. Qb3 Na5 16. Qxb5 Qc6 17. Qxc6 Nxc6 18. Bc1 e4 19. Ng1 Rxa2 20. Nc5 f5 21.
c3 Ne5 22. f4 b6 23. Nxe4 Nc4 24. b3 Nb2 25. Rd2 fxe4 26. Bxb2 Rxb2 0-1

[Event "Miedzynarodowe Szachowe Lato w Poznaniu "]
[Site "Wyzsza Szkola Umiejetnosci Spo"]
[Date "2012.??.19"]
[Round "6.3"]
[White "Meczynski, Waldemar"]
[Black "Dzwikowski, Adam"]
[Result "1-0"]
[WhiteElo "2153"]
[BlackElo "2008"]
[PlyCount "32"]
[EventDate "2012.??.??"]

1. e4 Nf6 2. e5 Nd5 3. d4 d6 4. c4 Nb6 5. exd6 exd6 6. Nc3 Be7 7. Bd3 O-O 8.
Nge2 Bf6 9. O-O Nc6 10. Be3 Nb4 11. b3 Nxd3 12. Qxd3 g6 13. Ng3 Bg7 14. Qd2 Re8
15. Bg5 f6 16. Bh6 Bh8 (16... Bh8 17. Rfe1 Be6 18. h4 d5 19. c5 Nd7 20. h5 c6
21. Re2 b6 22. Rae1 Bf7 23. Rxe8+ Bxe8 24. b4 a5 25. b5 Nf8 26. bxc6 Bxc6 27.
Bxf8 Qxf8 28. hxg6 hxg6 29. cxb6 Bg7 30. Rb1 Qb8 31. Qc2 Qe8 32. Nge2 Bh6 33.
Qb3 a4 34. Qc2 Rb8 35. Qd3 Rb7 36. Qg3 Re7 37. Qf3 Bd2 38. Kf1 Kg7 39. Qd3 Bg5
40. Rb4 a3 41. Rb1 Bb7 42. Qb5 Qc8 43. Qc5 Qe8 44. Qxa3 Bd2 45. Qb2 Bxc3 46.
Nxc3 Ba6+ 47. Kg1 Re1+ 48. Rxe1 Qxe1+ 49. Kh2 Bb7 50. a4 f5 51. a5 f4 52. a6
Bc6 53. b7 Bxb7 54. Qxb7+ Kh6 55. Qb2 f3 56. gxf3 Qe7 57. Qd2+ Kg7 58. Qe3 Qh4+
59. Kg2 g5 60. Nxd5 Kh6 61. Qe6+ Kg7 62. Ne3 Qf4 63. Nf5+) 1-0

[Event "Miedzynarodowe Szachowe Lato w Poznaniu "]
[Site "Wyzsza Szkola Umiejetnosci Spo"]
[Date "2012.??.??"]
[Round "6.4"]
[White "Rozumek, Krzysztof"]
[Black "Bednarska-bzdega, Malgorzata"]
[Result "1/2-1/2"]
[WhiteElo "1945"]
[BlackElo "2138"]
[PlyCount "87"]
[EventDate "2012.??.??"]

1. h3 Nf6 2. c3 g6 3. d4 Bg7 4. Bf4 O-O 5. Nd2 d6 6. e4 c5 7. Ngf3 cxd4 8. cxd4
d5 9. e5 Nfd7 10. Bd3 f6 11. Qb3 e6 12. exf6 Bxf6 13. Qc2 Bg7 14. Be3 Nc6 15.
a3 Kh8 16. h4 e5 17. Bg5 Qe8 18. dxe5 Ndxe5 19. O-O Nxd3 20. Qxd3 Qf7 21. Nb3
Bxb2 22. Be3 Bg7 23. Nbd4 Ne5 24. Nxe5 Bxe5 25. Rad1 Bg4 26. Rb1 Rad8 27. f3
Bc8 28. Rbe1 Bg7 29. Rf2 Rfe8 30. Rfe2 Bf6 31. Bf2 Rxe2 32. Rxe2 Re8 33. Nb5
Rxe2 34. Qxe2 a6 35. Nd6 Qd7 36. Nxc8 Qxc8 37. Qd3 Qc4 38. Qe3 Kg7 39. g4 d4
40. Qe4 Qb5 41. g5 Be5 42. f4 d3 43. Be1 Bb2 44. Qe7+ 1/2-1/2

[Event "Miedzynarodowe Szachowe Lato w Poznaniu "]
[Site "Wyzsza Szkola Umiejetnosci Spo"]
[Date "2012.??.??"]
[Round "6.5"]
[White "Zakrzewski, Marek"]
[Black "Kaluzny, Wlodzimierz"]
[Result "1-0"]
[WhiteElo "2112"]
[BlackElo "2006"]
[PlyCount "57"]
[EventDate "2012.??.??"]

1. e4 e6 2. d4 d5 3. Nd2 dxe4 4. Nxe4 Nd7 5. Nf3 Ngf6 6. Bg5 Be7 7. Nxf6+ Bxf6
8. Qd2 c6 9. h4 b6 10. O-O-O Bb7 11. Bf4 Be7 12. Be2 Nf6 13. Ne5 Nd7 14. Bf3
Nxe5 15. Bxe5 Bxh4 16. Qc3 O-O 17. Kb1 Bf6 18. Be4 h6 19. Qg3 Re8 20. Rxh6 Bxe5
21. Rdh1 Kf8 22. Rh8+ Ke7 23. Rxe8+ Qxe8 24. dxe5 Qg8 25. Qg5+ Ke8 26. Rh7 g6
27. Bxg6 Qxg6 28. Rh8+ Kd7 29. Qd2+ 1-0

[Event "Miedzynarodowe Szachowe Lato w Poznaniu "]
[Site "Wyzsza Szkola Umiejetnosci Spo"]
[Date "2012.??.??"]
[Round "6.6"]
[White "Bajerlein, Dawid"]
[Black "Stachowiak, Slawomir"]
[Result "1-0"]
[WhiteElo "2048"]
[BlackElo "2026"]
[PlyCount "107"]
[EventDate "2012.??.??"]

1. d4 d5 2. c4 e6 3. Nc3 Nf6 4. cxd5 exd5 5. Bg5 Be7 6. e3 c6 7. Qc2 Nbd7 8.
Bd3 h6 9. Bh4 O-O 10. Nge2 Re8 11. f3 Bb4 12. Bf2 Ba5 13. O-O Bc7 14. h3 Nf8
15. e4 Nh5 16. e5 Ne6 17. Be3 c5 18. f4 cxd4 19. Nxd4 Nxd4 20. Bxd4 Ng3 21.
Rfe1 h5 22. Kh2 h4 23. Rad1 a6 24. Nxd5 Qxd5 25. Qxc7 Be6 26. a3 Kh8 27. Qd6
Qb3 28. Bc3 Rad8 29. Qb4 Qd5 30. Be2 a5 31. Qb6 Qc6 32. Qxc6 bxc6 33. Bf3 Bb3
34. Rxd8 Rxd8 35. Bxa5 Rd4 36. Bxc6 Rxf4 37. Bf3 Rd4 38. Bc3 Rd8 39. Ra1 Ba4
40. Kg1 Kg8 41. Kf2 Nf5 42. Be4 Ng3 43. Bf3 Nf5 44. Re1 Bb3 45. Re2 Rd1 46. Rd2
Rc1 47. Be4 g6 48. Rd8+ Kg7 49. e6+ f6 50. Bxf5 gxf5 51. e7 Bf7 52. e8=Q Bxe8
53. Rxe8 Rc2+ 54. Kf3 1-0

[Event "Miedzynarodowe Szachowe Lato w Poznaniu "]
[Site "Wyzsza Szkola Umiejetnosci Spo"]
[Date "2012.??.??"]
[Round "6.7"]
[White "Kaczmarek, Piotr"]
[Black "Niekras, Dawid"]
[Result "0-1"]
[WhiteElo "1832"]
[BlackElo "1912"]
[PlyCount "46"]
[EventDate "2012.??.??"]

1. e4 e5 2. Nf3 Nc6 3. d4 exd4 4. Nxd4 Nf6 5. Nxc6 bxc6 6. e5 Qe7 7. Qe2 Nd5 8.
c4 Ba6 9. Nd2 Nb6 10. f4 Qe6 11. b3 Bb4 12. Bb2 O-O-O 13. O-O-O d5 14. exd6
Qxd6 15. Qg4+ Kb8 16. Ne4 Qe7 17. c5 Qxe4 18. Bxa6 Bxc5 19. Bc3 Qe3+ 20. Kb2
Ba3+ 21. Kc2 Nd5 22. Bd3 Nxc3 23. Kxc3 Qd4+ 0-1

[Event "Miedzynarodowe Szachowe Lato w Poznaniu "]
[Site "Wyzsza Szkola Umiejetnosci Spo"]
[Date "2012.??.??"]
[Round "6.8"]
[White "Szczepaniak, Artur"]
[Black "Orzech, Dominik"]
[Result "1-0"]
[WhiteElo "1641"]
[BlackElo "2422"]
[PlyCount "70"]
[EventDate "2012.??.??"]

1. d4 Nf6 2. c4 c5 3. e3 g6 4. Nc3 cxd4 5. exd4 d5 6. Nf3 Bg7 7. Be2 O-O 8. O-O
Nc6 9. h3 b6 10. Bf4 Bb7 11. Rc1 Rc8 12. b3 e6 13. Re1 Ne4 14. cxd5 Nxc3 15.
Rxc3 Qxd5 16. Bc4 Qa5 17. Qd2 Rfd8 18. Rd3 Nb4 19. Re5 Qa3 20. Rde3 a6 21. Ng5
b5 22. Nxe6 bxc4 23. Nxd8 Bxe5 24. dxe5 Nd5 25. Nxb7 Nxe3 26. Qd7 Qc1+ 27. Kh2
Nf1+ 28. Kg1 Nd2+ 29. Kh2 cxb3 30. axb3 Nf3+ 31. Kg3 Qc6 32. e6 Ne5 33. exf7+
Kg7 34. Qxc6 Rxc6 35. Bxe5+ Kxf7 1-0

[Event "Miedzynarodowe Szachowe Lato w Poznaniu "]
[Site "Wyzsza Szkola Umiejetnosci Spo"]
[Date "2012.??.19"]
[Round "6.9"]
[White "Andrzejewska, Anna"]
[Black "Adamczyk, Wieslaw"]
[Result "1-0"]
[WhiteElo "1980"]
[BlackElo "1605"]
[PlyCount "77"]
[EventDate "2012.??.??"]

1. e4 c6 2. d4 d5 3. Nc3 dxe4 4. Nxe4 Nf6 5. Nxf6+ exf6 6. g3 Be6 7. Bg2 Bd5 8.
Nf3 Qe7+ 9. Qe2 Qxe2+ 10. Kxe2 Bd6 11. Re1 O-O 12. Kf1 Nd7 13. Be3 Rfe8 14. a4
a5 15. b3 Bb4 16. Re2 Bc3 17. Rd1 b5 18. Rd3 Bb4 19. axb5 cxb5 20. Ne1 Bxg2+
21. Kxg2 Rac8 22. Nf3 Bc3 23. Nd2 Nb6 24. d5 Nd7 25. Nb1 Bb4 26. c3 Ne5 27.
cxb4 Nxd3 28. bxa5 Nb4 29. Rd2 Red8 30. d6 Rc6 31. Na3 Rcxd6 32. Rxd6 Rxd6 33.
Bc5 Rd3 34. Bxb4 Rxb3 35. Bd6 b4 36. Nb5 Rb2 37. a6 Ra2 38. a7 b3 39. Ba3 1-0

[Event "Miedzynarodowe Szachowe Lato w Poznaniu "]
[Site "Wyzsza Szkola Umiejetnosci Spo"]
[Date "2012.??.??"]
[Round "6.10"]
[White "Gospodarczyk, Roman"]
[Black "Wasiak, Stanislaw"]
[Result "1/2-1/2"]
[WhiteElo "1951"]
[BlackElo "1801"]
[PlyCount "113"]
[EventDate "2012.??.??"]

1. e4 c6 2. d4 d5 3. Nc3 dxe4 4. Nxe4 Bf5 5. Ng3 Bg6 6. h4 h6 7. Nf3 Nd7 8. h5
Bh7 9. Bd3 Bxd3 10. Qxd3 Qc7 11. Bd2 e6 12. O-O-O O-O-O 13. Ne4 Ngf6 14. g3
Nxe4 15. Qxe4 Nf6 16. Qe2 Bd6 17. c4 c5 18. Kb1 Rhe8 19. dxc5 Qxc5 20. Be3 Qf5+
21. Ka1 Bc5 22. Bxc5 Qxc5 23. Ne5 Qc7 24. f4 Rxd1+ 25. Rxd1 Rd8 26. Rc1 Kb8 27.
a3 Rd4 28. Nxf7 Re4 29. Qd3 b5 30. c5 Rc4 31. Rxc4 bxc4 32. Qd8+ Qxd8 33. Nxd8
Nxh5 34. Nxe6 Nxg3 35. Nxg7 Ne4 36. Kb1 Nf6 37. Nf5 h5 38. Nh4 Kc7 39. Kc2 Kc6
40. f5 Kxc5 41. b3 a5 42. Kb2 Nd5 43. Kc2 Nf6 44. Kb2 Kb5 45. Kc2 Nd5 46. Kb2
cxb3 47. Kxb3 a4+ 48. Kb2 Kc4 49. Kc2 Kd4 50. Kd2 Nf6 51. Kc2 Ne4 52. Ng6 Nf6
53. Nh4 Ng4 54. Kd2 Kc4 55. Kc2 Ne3+ 56. Kd2 Nd5 57. Kc2 1/2-1/2

[Event "Miedzynarodowe Szachowe Lato w Poznaniu "]
[Site "Wyzsza Szkola Umiejetnosci Spo"]
[Date "2012.??.??"]
[Round "6.11"]
[White "Kozlowska, Marzena"]
[Black "Raczynski, Krzysztof"]
[Result "1-0"]
[WhiteElo "1920"]
[BlackElo "1588"]
[PlyCount "149"]
[EventDate "2012.??.??"]

1. e4 c5 2. Nf3 d6 3. d4 cxd4 4. Nxd4 Nf6 5. Nc3 a6 6. Be2 e6 7. Be3 b5 8. f3
Bb7 9. Qd2 Nbd7 10. a4 b4 11. Na2 a5 12. Bb5 Be7 13. c3 bxc3 14. Nxc3 O-O 15.
O-O Nc5 16. Rad1 Ne8 17. Bxe8 Rxe8 18. Ndb5 Ra6 19. Qf2 Nd7 20. Rd2 Ne5 21. b3
Rc6 22. Rfd1 Qa8 23. Ne2 Rd8 24. Bb6 Rd7 25. Na7 Rxb6 26. Qxb6 Bxe4 27. fxe4
Rxa7 28. Qe3 Rb7 29. Qc3 Qa7+ 30. Qd4 Qb8 31. Nc1 Rb4 32. Qc3 Qa7+ 33. Kh1 Rxe4
34. Qc8+ Bf8 35. Rxd6 Qe3 36. h3 Nf3 37. Rf1 Ne5 38. Rd8 Ng6 39. Qc7 f6 40.
Qxa5 Rf4 41. Re1 Qg3 42. Ne2 Rf5 43. Nxg3 Rxa5 44. Rxe6 Kf7 45. Rb6 Re5 46. Rd1
Nf4 47. b4 h5 48. a5 h4 49. a6 hxg3 50. a7 Nd3 51. Rf1 Bxb4 52. Rxb4 Ra5 53.
Rb7+ Kg6 54. Kg1 Ne5 55. Rc1 Nc6 56. Kf1 Rxa7 57. Rxa7 Nxa7 58. Rc3 Nb5 59.
Rxg3+ Kh6 60. Kf2 Nd6 61. Rg4 Nf7 62. Ke3 Ne5 63. Ra4 Kg6 64. Ke4 Nd7 65. Ra5
Ne5 66. g4 Kh6 67. Ra7 Kg6 68. Kf4 Nc6 69. Rc7 Ne5 70. h4 Nd3+ 71. Ke4 Ne5 72.
h5+ Kh7 73. g5 Kg8 74. g6 Kf8 75. Kf5 1-0

[Event "Miedzynarodowe Szachowe Lato w Poznaniu "]
[Site "Wyzsza Szkola Umiejetnosci Spo"]
[Date "2012.??.??"]
[Round "6.12"]
[White "Gajzner, Ryszard"]
[Black "Leszczynski, Hubert"]
[Result "1-0"]
[WhiteElo "1738"]
[BlackElo "1846"]
[PlyCount "65"]
[EventDate "2012.??.??"]

1. Nf3 g6 2. c4 Bg7 3. g3 c6 4. Bg2 d5 5. cxd5 cxd5 6. O-O Qb6 7. d4 Nc6 8. Nc3
e6 9. Na4 Qb5 10. b3 Bd7 11. Nc5 Nb4 12. Nxd7 Kxd7 13. Ne5+ Bxe5 14. dxe5 Rc8
15. Bd2 Ne7 16. e4 Nd3 17. Bg5 Rhe8 18. a4 Qa6 19. Bxe7 Kxe7 20. exd5 Nxe5 21.
Re1 Nd3 22. Re3 Nb4 23. Rc1 Rxc1 24. Qxc1 Qd6 25. dxe6 fxe6 26. Bxb7 Rf8 27.
Qc4 g5 28. Bf3 Rf6 29. Kg2 Qb6 30. Rc3 Kd6 31. Rc1 g4 32. Qxg4 Nd3 33. Rc6+ 1-0

[Event "Miedzynarodowe Szachowe Lato w Poznaniu "]
[Site "Wyzsza Szkola Umiejetnosci Spo"]
[Date "2012.??.19"]
[Round "6.13"]
[White "Nowak, Mikolaj"]
[Black "Chojnacki, Tomasz"]
[Result "0-1"]
[WhiteElo "1572"]
[BlackElo "1889"]
[PlyCount "116"]
[EventDate "2012.??.??"]

1. e4 c6 2. d4 d5 3. exd5 cxd5 4. Bd3 Nc6 5. c3 Nf6 6. Nf3 Bg4 7. O-O e6 8. Bf4
Bd6 9. Bxd6 Qxd6 10. Nbd2 O-O 11. Re1 Rab8 12. h3 Bh5 13. a4 Bg6 14. Bxg6 hxg6
15. Qc2 Rfc8 16. Qd3 a6 17. Ne5 Na5 18. Ndf3 Ne4 19. Nd2 Nxd2 20. Qxd2 Nb3 21.
Qf4 f6 22. Nxg6 Qxf4 23. Nxf4 Nxa1 24. Rxa1 Kf7 25. Nd3 a5 26. Kf1 b6 27. Ke2
g5 28. f4 Rg8 29. Kf3 Rbd8 30. Re1 gxf4 31. Nxf4 Rge8 32. Nd3 Rc8 33. Nf4 Rc4
34. Ra1 Rd8 35. Nd3 Ke7 36. Ke3 Kd6 37. Kd2 Rg8 38. g4 e5 39. b3 Rcc8 40. dxe5+
fxe5 41. Re1 e4 42. Nb2 Rcf8 43. Nd1 Rf3 44. Rh1 Rh8 45. h4 Ke5 46. h5 Kf4 47.
Rg1 Rg8 48. h6 Rxg4 49. Rxg4+ Kxg4 50. h7 Rf8 51. Ne3+ Kf3 52. Nxd5 Rd8 53. c4
Kf2 54. Kc2 e3 55. Nf6 e2 56. Ng8 e1=Q 57. h8=Q Rd2+ 58. Kc3 Qc1# 0-1

[Event "Miedzynarodowe Szachowe Lato w Poznaniu "]
[Site "Wyzsza Szkola Umiejetnosci Spo"]
[Date "2012.??.19"]
[Round "6.14"]
[White "Chojnacki, Wojciech"]
[Black "Glatty, Zbigniew"]
[Result "0-1"]
[WhiteElo "1545"]
[BlackElo "1929"]
[PlyCount "94"]
[EventDate "2012.??.??"]

1. e4 e5 2. Nf3 Nc6 3. d4 exd4 4. Nxd4 Nf6 5. Bg5 h6 6. Bh4 d6 7. Nc3 Be7 8.
Nxc6 bxc6 9. Qd3 g5 10. Bg3 Nh5 11. Be2 Nxg3 12. hxg3 Bf6 13. Qc4 Bd7 14. Bh5
Qe7 15. Bg4 Rb8 16. Bxd7+ Kxd7 17. O-O-O Qe6 18. Qxe6+ fxe6 19. f4 Ke7 20. Rh3
Rbg8 21. f5 g4 22. Rh5 Bg5+ 23. Kb1 Rf8 24. Rdh1 Rhg8 25. Rf1 Rf6 26. e5 dxe5
27. Ne4 Rxf5 28. Rd1 Rd8 29. Rhh1 Rff8 30. Nxg5 Rxd1+ 31. Rxd1 hxg5 32. a4 Rf2
33. Re1 Kf6 34. b4 Rxg2 35. Re3 Kf5 36. a5 Rxg3 37. Rxg3 Kf4 38. Rg1 g3 39.
Rf1+ Ke3 40. Re1+ Kf2 41. Rxe5 g4 42. Rxe6 g2 43. Rf6+ Kg3 44. Rxc6 g1=Q+ 45.
Kb2 Qd4+ 46. c3 Qd7 47. b5 Qxc6 0-1

[Event "Miedzynarodowe Szachowe Lato w Poznaniu "]
[Site "Wyzsza Szkola Umiejetnosci Spo"]
[Date "2012.??.??"]
[Round "6.15"]
[White "Kupsik, Joanna"]
[Black "Hoffmann, Piotr"]
[Result "1-0"]
[WhiteElo "1683"]
[BlackElo "1726"]
[PlyCount "49"]
[EventDate "2012.??.??"]

1. e4 c6 2. d4 d5 3. exd5 cxd5 4. Nf3 Nf6 5. Be2 Bg4 6. h3 Bh5 7. c3 e6 8. Bf4
Bd6 9. Ne5 Bxe2 10. Qxe2 O-O 11. O-O Qe7 12. Nd2 Nbd7 13. Nxd7 Nxd7 14. Bxd6
Qxd6 15. f4 Rae8 16. Rae1 Re7 17. Qg4 Rfe8 18. Re2 f6 19. Nf3 e5 20. fxe5 fxe5
21. dxe5 Nxe5 22. Nxe5 Rxe5 23. Qf4 Qe6 24. Rxe5 Qxe5 25. Qf7+ 1-0

[Event "Miedzynarodowe Szachowe Lato w Poznaniu "]
[Site "Wyzsza Szkola Umiejetnosci Spo"]
[Date "2012.??.??"]
[Round "6.16"]
[White "Palasz, Michal"]
[Black "Pawlicki, Dariusz"]
[Result "1/2-1/2"]
[WhiteElo "1708"]
[BlackElo "1708"]
[PlyCount "59"]
[EventDate "2012.??.??"]

1. d4 d5 2. c4 e6 3. Nc3 Nf6 4. Nf3 Be7 5. Bg5 O-O 6. e3 c6 7. a3 Nbd7 8. Rc1
h6 9. Bf4 dxc4 10. Bxc4 Nd5 11. Bxd5 exd5 12. Ne5 Nxe5 13. Bxe5 Qb6 14. Qc2 Qa6
15. Qe2 Qxe2+ 16. Nxe2 Bf5 17. Nc3 Bd3 18. Kd2 Bg6 19. Na4 f5 20. Nc5 Bxc5 21.
dxc5 Rfe8 22. f4 Re6 23. Rhg1 h5 24. h3 Kf7 25. g3 Rg8 26. Rc3 Re7 27. Bd6 Rd7
28. Be5 Bh7 29. h4 g6 30. b4 1/2-1/2

[Event "Miedzynarodowe Szachowe Lato w Poznaniu "]
[Site "Wyzsza Szkola Umiejetnosci Spo"]
[Date "2012.??.??"]
[Round "6.17"]
[White "Trzeciakiewicz, Michal"]
[Black "Rydlewski, Marek"]
[Result "1-0"]
[WhiteElo "1498"]
[BlackElo "1570"]
[PlyCount "83"]
[EventDate "2012.??.??"]

1. e4 c5 2. Nf3 Nc6 3. d4 cxd4 4. Nxd4 Nf6 5. Nc3 e5 6. Ndb5 d6 7. Nd5 Nxd5 8.
exd5 Nb8 9. c4 a6 10. Nc3 g6 11. Bd3 Bg7 12. Be3 Nd7 13. Qd2 O-O 14. Bh6 Nc5
15. Bc2 Bd7 16. b4 Bxh6 17. Qxh6 Qb6 18. bxc5 Qb2 19. O-O Qxc3 20. Rac1 Qa5 21.
cxd6 Qc5 22. Bb3 b6 23. Qe3 Qxd6 24. c5 bxc5 25. Rxc5 a5 26. Rfc1 a4 27. Bd1
Rfc8 28. Rxc8+ Rxc8 29. Rxc8+ Bxc8 30. Bxa4 Qxd5 31. Bb3 Qd6 32. h3 Kg7 33. a4
Ba6 34. Qa7 Qf6 35. Bxf7 Qxf7 36. Qxa6 Qc7 37. a5 e4 38. Qb6 Qc1+ 39. Kh2 Qf4+
40. g3 Qf8 41. a6 h5 42. a7 1-0

[Event "Miedzynarodowe Szachowe Lato w Poznaniu "]
[Site "Wyzsza Szkola Umiejetnosci Spo"]
[Date "2012.??.??"]
[Round "6.18"]
[White "Choremski, Slawomir"]
[Black "Kozlowski, Tomasz"]
[Result "0-1"]
[WhiteElo "1467"]
[BlackElo "1967"]
[PlyCount "35"]
[EventDate "2012.??.??"]

1. e4 d5 2. exd5 Nf6 3. d4 Bg4 4. Be2 Bxe2 5. Qxe2 Qxd5 6. c4 Qxg2 7. Qf3 Qxf3
8. Nxf3 Nc6 9. Nc3 e6 10. Bf4 O-O-O 11. O-O-O Bd6 12. Bg5 h6 13. Bxf6 gxf6 14.
d5 Ne5 15. Nd2 Nd3+ 16. Kc2 Nxf2 17. Rhf1 Nxd1 18. Nxd1 0-1

[Event "Miedzynarodowe Szachowe Lato w Poznaniu "]
[Site "Wyzsza Szkola Umiejetnosci Spo"]
[Date "2012.??.19"]
[Round "6.21"]
[White "Zakrzewski, Bartosz"]
[Black "Bladoszewski, Kamil"]
[Result "1-0"]
[WhiteElo "1545"]
[BlackElo "1416"]
[PlyCount "53"]
[EventDate "2012.??.??"]

1. e4 c5 2. Nf3 d6 3. d4 cxd4 4. Nxd4 Nf6 5. Nc3 g6 6. Be3 Bg7 7. Be2 O-O 8.
O-O Nc6 9. Nb3 Be6 10. f4 Qc8 11. h3 Rd8 12. Bf3 a6 13. Nd5 Bxd5 14. exd5 Na7
15. Rc1 b5 16. Na5 Qc7 17. b4 Kf8 18. c4 bxc4 19. Rxc4 Qb8 20. Nc6 Nxc6 21.
dxc6 Qc7 22. Qa4 d5 23. Rc2 a5 24. b5 d4 25. Bxd4 Qxf4 26. Rc4 Ng4 27. Bxg7+
1-0

[Event "Miedzynarodowe Szachowe Lato w Poznaniu "]
[Site "Wyzsza Szkola Umiejetnosci Spo"]
[Date "2012.??.19"]
[Round "6.24"]
[White "Szymanski, Leszek"]
[Black "Piasecki, Andrzej"]
[Result "1-0"]
[WhiteElo "1798"]
[BlackElo "1322"]
[PlyCount "79"]
[EventDate "2012.??.??"]

1. c4 g5 2. g3 g4 3. e4 h5 4. Nc3 Bg7 5. Bg2 c6 6. d3 e5 7. Be3 Na6 8. Qd2 Bh6
9. f4 exf4 10. Bxf4 Bxf4 11. Qxf4 Qf6 12. Nge2 Qxf4 13. Nxf4 Nb4 14. Kd2 d6 15.
h3 Nf6 16. Rae1 Be6 17. a3 Na6 18. b4 Nc7 19. h4 O-O-O 20. Rhf1 Rh6 21. Rf2 Nd7
22. Ref1 Ne5 23. a4 a6 24. Nce2 c5 25. b5 axb5 26. axb5 Bxc4 27. dxc4 Nxc4+ 28.
Kd3 Ne5+ 29. Kc2 Nxb5 30. Nd5 Na3+ 31. Kb3 Nec4 32. Rxf7 Nd2+ 33. Kxa3 Nxf1 34.
Rxf1 b5 35. Rf5 b4+ 36. Kb3 Kb7 37. Rf7+ Kb8 38. Nef4 Rhh8 39. Bf1 Rhe8 40. Ba6
1-0

[Event "Miedzynarodowe Szachowe Lato w Poznaniu "]
[Site "Wyzsza Szkola Umiejetnosci Spo"]
[Date "2012.??.??"]
[Round "6.28"]
[White "Choremska, Zuzanna"]
[Black "Gajewski, Wojciech"]
[Result "0-1"]
[WhiteElo "1384"]
[BlackElo "1491"]
[PlyCount "88"]
[EventDate "2012.??.??"]

1. e4 c5 2. Nf3 g6 3. d4 cxd4 4. Nxd4 Nc6 5. c4 Nf6 6. Nc3 d6 7. Be2 Nxd4 8.
Qxd4 Bg7 9. O-O O-O 10. Qd3 Be6 11. Be3 Qa5 12. Qd2 Rac8 13. Nd5 Qxd2 14. Bxd2
Bxd5 15. exd5 a6 16. Bc3 Nd7 17. Bxg7 Kxg7 18. b3 a5 19. Rfe1 Rfe8 20. Bg4 f5
21. Bf3 Ne5 22. Be2 f4 23. g3 Rf8 24. Bd1 b5 25. f3 Rf6 26. Re4 Rcf8 27. Be2
R8f7 28. g4 g5 29. h3 h5 30. Kg2 hxg4 31. hxg4 Rh6 32. Rh1 Rxh1 33. Kxh1 Rf8
34. Kg2 Kf6 35. Rd4 Rh8 36. Rd1 a4 37. b4 a3 38. Rh1 Rxh1 39. Kxh1 Nd7 40. Kg2
Ke5 41. Bd1 Kd4 42. Bb3 Ne5 43. Kf2 Nd3+ 44. Ke2 Nc1+ 0-1